00793nam a2200193 a 450000100100000000500170001000800410002704000250006808200150009310000310010824501980013926000900033730000200042749000350044750400270048270000280050970000270053783000350056400002985120200930055845.0110426s1996 dr 000 0 spa d aDO-SdBNPbspacBNPHU axxxbP644c1 aPimentel, Rubén Darío,10aCriterios para el establecimiento de una agenda en prioridades de investigación en salud en la República Dominicana /cRubén Darío Pimentel ; editado Marcos A. Espinal, Hugo R. Mendoza. aSanto Domingo :bCentro Nacional de Investigación en Salud Materno Infantil,c1996. a24 p. ;c28 cm.1 aPublicaciones técnicasvv. 2 aBibliográfia : 24 p.1 aEspinal, Marcos A.eed.1 aMendoza, Hugo R.,eed. 0aPublicaciones técnicasvv. 2